Basketball-Bundesliga Teams 2024/25 - Statistiken

Allgemein
  • Dieses Quiz wurde 73 mal gespielt
  • Das Durchschnittsergebnis liegt bei 4 aus 17
Antwortstatistiken
Teams % Korrekt
Alba Berlin
82%
Bayern München
77%
ratiopharm Ulm
46%
Telekom Baskets Bonn
31%
EWE Baskets Oldenburg
20%
MHP Riesen Ludwigsburg
20%
BG Göttingen
18%
Bamberg Baskets
16%
MLP Academics Heidelberg
13%
Skyliners Frankfurt
13%
Veolia Towers Hamburg
13%
FIT/One Würzburg Baskets
10%
Rostock Seawolves
10%
SYNTAINICS MBC
10%
Chemnitz 99ers
8%
SC RASTA Vechta
3%
BB Löwen Braunschweig
0%
Keine übereinstimmenden Quizze gefunden
Verteilung der Resultate
Anzahl Personen mit jedem Resultat
Perzentil nach korrekt beantworteten Fragen
Ihre Resultats-Entwicklung
Sie haben dieses Quiz noch nicht gespielt